The noble scholar, jurist, historian


 His Excellency Dr. Abdul Wahhab bin Ibrahim Abu Sulaiman, may Allah have mercy on him.


 He was born in Umm Al-Qura in the year 1356 AH.

مقاصد الشريعة الإسلامية : (Record no. 8219)

MARC details
000 -LEADER
fixed length control field 01462cam a22003371i 4500
003 - CONTROL NUMBER IDENTIFIER
control field SA-RiAUC
005 - DATE AND TIME OF LATEST TRANSACTION
control field 20250521093327.0
008 - FIXED-LENGTH DATA ELEMENTS--GENERAL INFORMATION
fixed length control field 250518s2006 xxk g 000 0 ara c
020 ## - INTERNATIONAL STANDARD BOOK NUMBER
International Standard Book Number 1905650019
040 ## - CATALOGING SOURCE
Original cataloging agency KAFMA
Language of cataloging ara
Transcribing agency SA-RiAUC.
Description conventions rda
041 1# - LANGUAGE CODE
Language code of text/sound track or separate title ara
Language code of summary or abstract eng
050 #4 - LIBRARY OF CONGRESS CALL NUMBER
Item number .M37 2006
072 #7 - SUBJECT CATEGORY CODE
Subject category code MAI
082 04 - DEWEY DECIMAL CLASSIFICATION NUMBER
Classification number 251
Assigning agency SA-RiAUC
090 ## - LOCALLY ASSIGNED LC-TYPE CALL NUMBER (OCLC); LOCAL CALL NUMBER (RLIN)
Classification number (OCLC) (R) ; Classification number, CALL (RLIN) (NR) 251
Local cutter number (OCLC) ; Book number/undivided call number, CALL (RLIN) م ق ا
245 00 - TITLE STATEMENT
Title مقاصد الشريعة الإسلامية :
Remainder of title دراسات في قضايا المنهج ومجالات التطبيق = Studies in the philosophy of islamic law : theory and applications /
Statement of responsibility, etc. تقديم أحمد زكي يماني ؛ تحرير محمد سليم العوا.
246 31 - VARYING FORM OF TITLE
Title proper/short title Studies in the philosophy of islamic law :
Remainder of title theory and applications
250 ## - EDITION STATEMENT
Edition statement الطبعة الأولى.
264 #1 - PRODUCTION, PUBLICATION, DISTRIBUTION, MANUFACTURE, AND COPYRIGHT NOTICE
Place of production, publication, distribution, manufacture لندن :
Name of producer, publisher, distributor, manufacturer مؤسسة الفرقان للتراث الإسلامي،
Date of production, publication, distribution, manufacture, or copyright notice 2006
300 ## - PHYSICAL DESCRIPTION
Extent 530 صفحة ؛
Dimensions 24 سم
336 ## - CONTENT TYPE
Content type term نص
Content type code txt
Source rdacontent
Materials specified كتاب
337 ## - MEDIA TYPE
Media type term بدون وسيط
Media type code n
Source rdamedia
338 ## - CARRIER TYPE
Carrier type term مجلد
Carrier type code nc
Source rdacarrier
546 ## - LANGUAGE NOTE
Language note يشتمل على ملخص باللغة الإنجليزية.
650 #7 - SUBJECT ADDED ENTRY--TOPICAL TERM
Topical term or geographic name entry element مقاصد الشريعة
Source of heading or term aucsh
650 #7 - SUBJECT ADDED ENTRY--TOPICAL TERM
Topical term or geographic name entry element أصول الفقه الإسلامي
Source of heading or term aucsh
700 1# - ADDED ENTRY--PERSONAL NAME
Personal name يماني، أحمد زكي،
Dates associated with a name 1349 هجري-
Relator term مقدم.
700 1# - ADDED ENTRY--PERSONAL NAME
Personal name العوا، محمد سليم،
Dates associated with a name 1942-
Relator term محرر.
942 ## - ADDED ENTRY ELEMENTS (KOHA)
Source of classification or shelving scheme Dewey Decimal Classification
Koha item type Books
Suppress in OPAC No
949 ## - LOCAL PROCESSING INFORMATION (OCLC)
a SA-JeALM
d 250518
u osman123
n 1
Holdings
Withdrawn status Lost status Source of classification or shelving scheme Damaged status Not for loan Home library Current library Date acquired Total checkouts Full call number Barcode Date last seen Price effective from Koha item type
    Dewey Decimal Classification     DR AbdElwahab Library DR AbdElwahab Library 05/21/2025   251 م ق ا 000013573 05/21/2025 05/21/2025 Books